[Event "43. Torneo de La Roda 2016"]
[Site "La Roda ESP"]
[Date "2016.03.24"]
[Round "2.6"]
[White "Forcen Esteban, Daniel"]
[Black "Rodriguez Garcia, Manuel Fco"]
[Result "1-0"]
[WhiteElo "2549"]
[BlackElo "2167"]
[PlyCount "103"]
[EventDate "2016.03.23"]
[EventType "swiss"]
[EventRounds "9"]
[EventCountry "ESP"]
[Source "lmi"]
[SourceDate "2016.03.23"]

1. d4 Nf6 2. Nf3 g6 3. c4 Bg7 4. Nc3 d6 5. e4 O-O 6. Be2 Nbd7 7. Bg5 h6 8. Bh4
e5 9. d5 a5 10. Nd2 Nc5 11. Qc2 Bd7 12. f3 Qe8 13. Bf2 Nh5 14. Bxc5 dxc5 15.
Nb5 Nf4 16. Bf1 Qd8 17. g3 Nh3 18. Qd3 h5 19. Qe3 b6 20. O-O-O Kh7 21. Qe2 Bh6
22. Kb1 f6 23. Bg2 Ng5 24. f4 Bg4 25. Qf1 Nf7 26. Re1 Nd6 27. Nc3 Rb8 28. a4
Qe8 29. b3 Bd7 30. Re2 Qe7 31. Nb5 Bg4 32. Rf2 exf4 33. gxf4 Rbe8 34. Qd3 Nxb5
35. cxb5 c4 36. Nxc4 Qc5 37. Rhf1 Bc8 38. Rc2 Qb4 39. Ka2 h4 40. Qd2 h3 41.
Qxb4 hxg2 42. Qe1 gxf1=Q 43. Qxf1 Rxe4 44. d6 Rxf4 45. Qe1 Bf5 46. Qe7+ Bg7 47.
Rd2 cxd6 48. Nxd6 Kh6 49. Qe3 g5 50. h4 Kg6 51. Nxf5 Kxf5 52. Qd3+ 1-0

[Event "43. Torneo de La Roda 2016"]
[Site "La Roda ESP"]
[Date "2016.03.24"]
[Round "2.7"]
[White "Perez Garcia, Roberto"]
[Black "Lopez Martinez, Josep Manuel"]
[Result "0-1"]
[WhiteElo "2144"]
[BlackElo "2549"]
[PlyCount "52"]
[EventDate "2016.03.23"]
[EventType "swiss"]
[EventRounds "9"]
[EventCountry "ESP"]
[Source "lmi"]
[SourceDate "2016.03.23"]

1. Nf3 Nf6 2. c4 e6 3. g3 d5 4. Bg2 Be7 5. O-O O-O 6. d4 c6 7. Qc2 a5 8. Rd1
Ne4 9. Nc3 f5 10. Rb1 b6 11. a3 Ba6 12. Ne5 Bf6 13. Nxe4 fxe4 14. b4 Bxe5 15.
dxe5 Qc8 16. Bg5 axb4 17. axb4 h6 18. Be7 Rf7 19. Bd6 Bxc4 20. Bxe4 Ra2 21.
Bh7+ Kh8 22. Qg6 Rf5 23. Rbc1 Bxe2 24. Ra1 Rxa1 25. Rxa1 Na6 26. h4 Bh5 0-1

[Event "43. Torneo de La Roda 2016"]
[Site "La Roda ESP"]
[Date "2016.03.24"]
[Round "2.8"]
[White "Sedlak, Nikola"]
[Black "Rodriguez Garcia, Carlos"]
[Result "1-0"]
[WhiteElo "2547"]
[BlackElo "2154"]
[PlyCount "75"]
[EventDate "2016.03.23"]
[EventType "swiss"]
[EventRounds "9"]
[EventCountry "ESP"]
[Source "lmi"]
[SourceDate "2016.03.23"]

1. e4 e6 2. d4 d5 3. Nc3 Nf6 4. e5 Nfd7 5. f4 c5 6. Nf3 Nc6 7. Be3 Qb6 8. Na4
Qa5+ 9. c3 cxd4 10. b4 Qc7 11. Nxd4 Be7 12. Bd3 Nb6 13. Nxb6 axb6 14. O-O Bd7
15. Nb5 Qd8 16. Qc2 Na7 17. Nd4 Nc6 18. Qf2 Nxd4 19. Bxd4 b5 20. Qe2 O-O 21.
Bxb5 Bxb5 22. Qxb5 Qc7 23. a4 Rfc8 24. a5 g6 25. Rfb1 Kg7 26. Qe2 Qc4 27. Kf2
Qxe2+ 28. Kxe2 Rc4 29. Kd3 Bf8 30. Ra4 Be7 31. Rba1 Rcc8 32. a6 bxa6 33. Rxa6
Rab8 34. g4 h6 35. f5 exf5 36. gxf5 gxf5 37. Rg1+ Kh7 38. Ra7 1-0

[Event "43. Torneo de La Roda 2016"]
[Site "La Roda ESP"]
[Date "2016.03.24"]
[Round "2.9"]
[White "Alvarez Serrano, Carlos"]
[Black "Greenfeld, Alon"]
[Result "0-1"]
[WhiteElo "2140"]
[BlackElo "2537"]
[PlyCount "43"]
[EventDate "2016.03.23"]
[EventType "swiss"]
[EventRounds "9"]
[EventCountry "ESP"]
[Source "lmi"]
[SourceDate "2016.03.23"]

1. d4 Nf6 2. Nf3 b6 3. g3 Bb7 4. Bg2 c5 5. c3 g6 6. Bf4 Bg7 7. O-O d6 8. Re1
Nbd7 9. Nbd2 Nd5 10. Nc4 b5 11. Na3 Nxf4 12. gxf4 a6 13. Nb1 O-O 14. Nbd2 Rc8
15. e3 cxd4 16. cxd4 e5 17. fxe5 dxe5 18. Nb3 Qe7 19. Rc1 Rxc1 20. Qxc1 Rc8 21.
Qd2 e4 22. Ne5 0-1

[Event "43. Torneo de La Roda 2016"]
[Site "La Roda ESP"]
[Date "2016.03.24"]
[Round "2.10"]
[White "Popovic, Dusan"]
[Black "Dantas, Carlos"]
[Result "1/2-1/2"]
[WhiteElo "2536"]
[BlackElo "2136"]
[PlyCount "191"]
[EventDate "2016.03.23"]
[EventType "swiss"]
[EventRounds "9"]
[EventCountry "ESP"]
[Source "lmi"]
[SourceDate "2016.03.23"]

1. e4 e5 2. Nf3 Nc6 3. Bb5 g6 4. O-O Bg7 5. c3 a6 6. Ba4 d6 7. d4 Bd7 8. d5
Nce7 9. c4 h6 10. Nc3 f5 11. Bxd7+ Qxd7 12. b4 Nf6 13. Nd2 O-O 14. f3 Kh7 15.
a4 c6 16. a5 Rf7 17. Na4 Raf8 18. Nb6 Qc7 19. Ba3 fxe4 20. fxe4 cxd5 21. cxd5
Qc3 22. Nbc4 Qd4+ 23. Kh1 Nh5 24. Rxf7 Rxf7 25. Bb2 Qf2 26. Qe1 Nc8 27. Qxf2
Rxf2 28. Kg1 Rf7 29. g3 Bf8 30. Kg2 Na7 31. Rf1 Kg8 32. Rxf7 Kxf7 33. Kf3 Nf6
34. Nb1 Ne8 35. Bc1 Nb5 36. Be3 Ke7 37. Nca3 Nec7 38. Nc4 Ne8 39. Ke2 Kd7 40.
Kd3 Bg7 41. Nbd2 Bf8 42. Nf3 Ke7 43. Nh4 Kf7 44. Nb6 Nf6 45. h3 Kg7 46. Nc8 Ne8
47. Nf3 Kf7 48. Nd2 Bg7 49. Nc4 Bf8 50. N4b6 Nf6 51. Bf2 Nc3 52. Nc4 Ncxe4 53.
Ba7 Ke8 54. g4 Kd8 55. N8b6 Nf2+ 56. Ke2 Nxh3 57. Ne3 Nf4+ 58. Kf3 Nd3 59. Nc2
Nf4 60. Ne3 h5 61. gxh5 gxh5 62. Bb8 h4 63. Nf5 h3 64. Kg3 Ne8 65. Kh2 Be7 66.
Kg3 Bf8 67. Kh2 Nc7 68. Nc4 Kc8 69. Bxc7 Kxc7 70. Nb6 Kd8 71. Kg3 Nd3 72. Kxh3
Nxb4 73. Kg4 Nd3 74. Kg5 Be7+ 75. Kg6 e4 76. Kf7 Bg5 77. Nd4 Nf4 78. Nf5 Kc7
79. Na8+ Kd8 80. Nb6 Kc7 81. Na8+ Kb8 82. Nb6 Nd3 83. Nc4 Nf4 84. Nfxd6 Nxd5
85. Nxe4 Bd8 86. Nc5 Nb4 87. Ne6 Bh4 88. Ke8 Nc6 89. Nc5 Be1 90. Nd6 Nxa5 91.
Ndxb7 Nxb7 92. Nxa6+ Kc8 93. Ke7 Ba5 94. Ke6 Nd8+ 95. Kd5 Nf7 96. Nc5 1/2-1/2

[Event "43. Torneo de La Roda 2016"]
[Site "La Roda ESP"]
[Date "2016.03.24"]
[Round "2.11"]
[White "Orosa Martinez, Victor"]
[Black "Matamoros Franco, Carlos S"]
[Result "0-1"]
[WhiteElo "2133"]
[BlackElo "2523"]
[PlyCount "58"]
[EventDate "2016.03.23"]
[EventType "swiss"]
[EventRounds "9"]
[EventCountry "ESP"]
[Source "lmi"]
[SourceDate "2016.03.23"]

1. d4 Nf6 2. c4 e6 3. Nc3 Bb4 4. e3 b6 5. Nge2 c5 6. a3 Ba5 7. Rb1 Na6 8. g3
Bb7 9. d5 b5 10. Bg2 bxc4 11. e4 exd5 12. exd5 O-O 13. O-O d6 14. Qa4 Nd7 15.
Nb5 Bc7 16. Qxc4 Re8 17. Qc2 Ne5 18. Nec3 Qd7 19. Rd1 Bb6 20. b4 cxb4 21. axb4
Rac8 22. Nd4 Rc4 23. Nc6 Nxc6 24. dxc6 Bxc6 25. Qd3 Rd4 26. Qxa6 Rxd1+ 27. Nxd1
Re1+ 28. Qf1 Rxf1+ 29. Bxf1 Qf5 0-1

[Event "43. Torneo de La Roda 2016"]
[Site "La Roda ESP"]
[Date "2016.03.24"]
[Round "2.12"]
[White "Cifuentes Parada, Roberto"]
[Black "Rubio Tent, Francisco"]
[Result "1-0"]
[WhiteElo "2469"]
[BlackElo "2134"]
[PlyCount "57"]
[EventDate "2016.03.23"]
[EventType "swiss"]
[EventRounds "9"]
[EventCountry "ESP"]
[Source "lmi"]
[SourceDate "2016.03.23"]

1. d4 d5 2. Nf3 Nf6 3. e3 c6 4. Bd3 Bg4 5. c4 e6 6. Qb3 Bxf3 7. gxf3 Qc7 8. Nc3
Nbd7 9. Bd2 Be7 10. Rc1 dxc4 11. Bxc4 Rd8 12. f4 Qb6 13. Qc2 Nf8 14. f5 exf5
15. Qxf5 Ng6 16. h4 h5 17. Ne4 Nd5 18. Ng5 Bxg5 19. hxg5 Rd7 20. e4 Nc7 21. Rh3
Nb5 22. Bc3 Nf8 23. d5 Rg8 24. dxc6 bxc6 25. Rd3 Qb7 26. Rcd1 Rxd3 27. Rxd3
Nxc3 28. Bxf7+ Qxf7 29. Qc8+ 1-0

[Event "43. Torneo de La Roda 2016"]
[Site "La Roda ESP"]
[Date "2016.03.24"]
[Round "2.14"]
[White "Campora, Daniel H"]
[Black "Fernandez Ayuso, Sergio"]
[Result "1-0"]
[WhiteElo "2449"]
[BlackElo "2125"]
[PlyCount "135"]
[EventDate "2016.03.23"]
[EventType "swiss"]
[EventRounds "9"]
[EventCountry "ESP"]
[Source "lmi"]
[SourceDate "2016.03.23"]

1. d4 Nf6 2. c4 g6 3. Nc3 d5 4. Nf3 Bg7 5. g3 O-O 6. Bg2 c5 7. dxc5 Qa5 8. cxd5
Nxd5 9. O-O Nxc3 10. bxc3 Qxc3 11. Rb1 Qxc5 12. Bb2 Nc6 13. Bxg7 Kxg7 14. Qb3
Rb8 15. Rfc1 Qd6 16. Qc3+ Kg8 17. Qe3 Bf5 18. Rb2 Qe6 19. Qh6 Qf6 20. Rb5 Qg7
21. Qf4 Bd7 22. Ne5 Nxe5 23. Rxe5 Be6 24. h4 Qf6 25. Qxf6 exf6 26. Ra5 a6 27.
Rc7 Bc8 28. Bd5 b5 29. Ra3 Rb6 30. Bxf7+ Rxf7 31. Rxc8+ Rf8 32. Rac3 a5 33.
R8c6 Rfb8 34. Rc8+ Rxc8 35. Rxc8+ Kf7 36. Rc7+ Ke6 37. Rxh7 a4 38. Ra7 Kd5 39.
g4 Kc4 40. e4 Kb4 41. f4 Re6 42. e5 Ka3 43. f5 gxf5 44. exf6 Rxf6 45. g5 Rg6
46. Kf2 b4 47. Kf3 Rg8 48. Kg3 Kxa2 49. Rxa4+ Kb3 50. Ra5 Kc4 51. Rxf5 b3 52.
Kg4 b2 53. Rf1 Kd5 54. h5 Rb8 55. h6 b1=Q 56. Rxb1 Rxb1 57. h7 Ke4 58. g6 Rg1+
59. Kh3 Kf4 60. Kh2 Rxg6 61. h8=Q Rg4 62. Qf6+ Ke4 63. Kh3 Rf4 64. Qc6+ Kf5 65.
Kg3 Re4 66. Kf3 Re6 67. Qd5+ Re5 68. Qf7+ 1-0

[Event "43. Torneo de La Roda 2016"]
[Site "La Roda ESP"]
[Date "2016.03.24"]
[Round "2.15"]
[White "Jordan Martinez, David"]
[Black "Perez Mitjans, Orelvis"]
[Result "0-1"]
[WhiteElo "2114"]
[BlackElo "2442"]
[PlyCount "52"]
[EventDate "2016.03.23"]
[EventType "swiss"]
[EventRounds "9"]
[EventCountry "ESP"]
[Source "lmi"]
[SourceDate "2016.03.23"]

1. e4 c5 2. Nf3 Nc6 3. c3 e6 4. d4 d5 5. exd5 exd5 6. Be3 cxd4 7. Nxd4 Nf6 8.
Be2 Bd6 9. Nd2 O-O 10. O-O Ne5 11. Bg5 Ng6 12. Re1 h6 13. Be3 a6 14. Nf1 Ne4
15. f3 Nf6 16. Bd3 Ne5 17. Bc2 Nc4 18. Bc1 Bd7 19. b3 Ne5 20. Qe2 Re8 21. Qf2
Rc8 22. Bd2 b5 23. Ng3 b4 24. cxb4 Qb6 25. Rac1 Nfg4 26. fxg4 Nxg4 0-1

[Event "43. Torneo de La Roda 2016"]
[Site "La Roda ESP"]
[Date "2016.03.24"]
[Round "2.16"]
[White "Alvarez Pedraza, Aramis"]
[Black "Fernandez Rodriguez, Jose A"]
[Result "1/2-1/2"]
[WhiteElo "2440"]
[BlackElo "2114"]
[PlyCount "73"]
[EventDate "2016.03.23"]
[EventType "swiss"]
[EventRounds "9"]
[EventCountry "ESP"]
[Source "lmi"]
[SourceDate "2016.03.23"]

1. d4 d5 2. Nf3 c6 3. c4 e6 4. Nbd2 f5 5. e3 Nf6 6. Be2 Bd6 7. b3 O-O 8. Bb2
Nbd7 9. O-O Ne4 10. Ne5 Rf6 11. f3 Nxd2 12. Qxd2 Rh6 13. g3 Qf6 14. f4 Qf8 15.
Bf3 Nf6 16. Rac1 Bd7 17. Qd3 Qe7 18. Rc2 Rf8 19. Rg2 Be8 20. cxd5 exd5 21. Rc2
Ne4 22. Bg2 Bh5 23. Bc3 Kh8 24. Rb1 Rb8 25. b4 a6 26. a4 Be8 27. Be1 g5 28. Qb3
gxf4 29. exf4 Bxe5 30. dxe5 Qe6 31. Qe3 Rg6 32. Bxe4 fxe4 33. Bc3 h5 34. Rf1
Qf5 35. Rg2 Kh7 36. Kf2 h4 37. a5 1/2-1/2

[Event "43. Torneo de La Roda 2016"]
[Site "La Roda ESP"]
[Date "2016.03.24"]
[Round "2.17"]
[White "Garcia Porlan, Beatriz"]
[Black "Plaskett, H James"]
[Result "0-1"]
[WhiteElo "2110"]
[BlackElo "2438"]
[PlyCount "178"]
[EventDate "2016.03.23"]
[EventType "swiss"]
[EventRounds "9"]
[EventCountry "ESP"]
[Source "lmi"]
[SourceDate "2016.03.23"]

1. e4 c5 2. c4 Nc6 3. Nc3 g6 4. g3 Bg7 5. Bg2 a6 6. Nge2 Rb8 7. a4 Nf6 8. d3 d6
9. Rb1 O-O 10. O-O Ne8 11. Be3 Nc7 12. d4 cxd4 13. Nxd4 Ne5 14. b3 Ng4 15. Bc1
Bd7 16. h3 Nf6 17. Be3 b5 18. cxb5 axb5 19. axb5 Nxb5 20. Ncxb5 Bxb5 21. Nxb5
Rxb5 22. b4 Qb8 23. Qd2 Rc8 24. Rfc1 Rxc1+ 25. Qxc1 Nd7 26. Qa3 Nc5 27. Rc1
Rxb4 28. Bxc5 dxc5 29. Rxc5 Rb2 30. Ra5 Qb6 31. Ra8+ Bf8 32. Qe3 Rb1+ 33. Kh2
Qxe3 34. fxe3 Rb3 35. Bf3 Rxe3 36. Kg2 Kg7 37. Rb8 e6 38. Rb2 Rc3 39. Bd1 Be7
40. Rc2 Ra3 41. Bf3 Bf6 42. Re2 Be5 43. Rc2 h5 44. h4 Kh6 45. Rf2 Bd4 46. Rd2
Be5 47. Rf2 Rc3 48. Kh3 Rb3 49. Kg2 Kg7 50. Rd2 Kf6 51. Kf2 Ke7 52. Kg2 f5 53.
exf5 gxf5 54. Re2 Kf6 55. Re1 Bb8 56. Rf1 Rc3 57. Rf2 Bc7 58. Rf1 Kg6 59. Re1
e5 60. Ra1 e4 61. Ra6+ Kg7 62. Bxh5 Rxg3+ 63. Kf2 f4 64. Rc6 Be5 65. Re6 Bd4+
66. Ke2 f3+ 67. Kd1 e3 68. Kc2 f2 69. Be2 Rg1 70. Kd3 Bc5 71. Kc4 Re1 72. Bd3
Rc1+ 73. Kb5 Rc3 74. Be2 Rc2 75. Bd3 Kf7 76. Re5 Rc3 77. Be2 Bd4 78. Re4 Ba7
79. h5 Rc2 80. Bd3 Rd2 81. Bc4+ Kf6 82. h6 Kg6 83. Re6+ Kh7 84. Ka6 Bd4 85. Re4
Kxh6 86. Kb5 Kg5 87. Re8 Rb2+ 88. Ka4 Bc5 89. Rg8+ Kf4 0-1

[Event "43. Torneo de La Roda 2016"]
[Site "La Roda ESP"]
[Date "2016.03.24"]
[Round "2.18"]
[White "Stella, Andrea"]
[Black "Llavador Moron, Juan Jose"]
[Result "1-0"]
[WhiteElo "2419"]
[BlackElo "2114"]
[PlyCount "53"]
[EventDate "2016.03.23"]
[EventType "swiss"]
[EventRounds "9"]
[EventCountry "ESP"]
[Source "lmi"]
[SourceDate "2016.03.23"]

1. Nf3 e6 2. c4 b6 3. g3 Bb7 4. Bg2 f5 5. O-O Nf6 6. d3 a5 7. Nc3 Na6 8. e4
fxe4 9. dxe4 Be7 10. e5 Ne4 11. Nh4 Nxc3 12. Qh5+ g6 13. Nxg6 Ne2+ 14. Qxe2
hxg6 15. Bxb7 Nc5 16. Bg2 c6 17. Qg4 Rg8 18. Qh3 Kf7 19. Be3 Qc7 20. Rad1 Rh8
21. Qg4 Rh5 22. f4 Rah8 23. h4 Qc8 24. Rd2 R8h7 25. Rfd1 Qh8 26. Kf1 Bxh4 27.
gxh4 1-0

[Event "43. Torneo de La Roda 2016"]
[Site "La Roda ESP"]
[Date "2016.03.24"]
[Round "2.19"]
[White "Jarque Megias, Juan Jose"]
[Black "Santos Ruiz, Miguel"]
[Result "0-1"]
[WhiteElo "2107"]
[BlackElo "2416"]
[PlyCount "110"]
[EventDate "2016.03.23"]
[EventType "swiss"]
[EventRounds "9"]
[EventCountry "ESP"]
[Source "lmi"]
[SourceDate "2016.03.23"]

1. e4 c5 2. Nf3 e6 3. d4 cxd4 4. Nxd4 Nc6 5. Nc3 Qc7 6. Be3 a6 7. Qd2 Be7 8.
O-O-O Nf6 9. h3 b5 10. Nxc6 Qxc6 11. e5 b4 12. exf6 bxc3 13. Qxc3 Qxc3 14. bxc3
Bxf6 15. Bd4 Bb7 16. Rg1 Bd5 17. c4 Bxd4 18. Rxd4 Bc6 19. g4 Ke7 20. Bg2 Rhc8
21. Bxc6 Rxc6 22. Rgd1 d6 23. R1d2 Rac8 24. Kd1 Rb6 25. R2d3 e5 26. Re4 g5 27.
Rb3 Rbc6 28. Rb4 Ke6 29. f3 f6 30. Ke2 d5 31. cxd5+ Kxd5 32. c4+ Rxc4 33. Rexc4
Rxc4 34. Rb7 e4 35. fxe4+ Rxe4+ 36. Kf3 Ra4 37. Rd7+ Ke5 38. Re7+ Kd5 39. Rd7+
Ke6 40. Rxh7 Ra3+ 41. Ke4 Rxa2 42. Kd4 Ra3 43. Kc5 a5 44. Rh6 Ke5 45. Rh8 a4
46. Kb4 Ra1 47. Re8+ Kf4 48. Rh8 Kg3 49. Rh6 Rh1 50. Kxa4 Rxh3 51. Rxf6 Kxg4
52. Kb4 Rh1 53. Kc3 Rd1 54. Kc2 Rd5 55. Rf1 Kh3 0-1

[Event "43. Torneo de La Roda 2016"]
[Site "La Roda ESP"]
[Date "2016.03.24"]
[Round "2.21"]
[White "Santiago, Yago De Moura"]
[Black "Costa, Paulo"]
[Result "1-0"]
[WhiteElo "2409"]
[BlackElo "2107"]
[PlyCount "103"]
[EventDate "2016.03.23"]
[EventType "swiss"]
[EventRounds "9"]
[EventCountry "ESP"]
[Source "lmi"]
[SourceDate "2016.03.23"]

1. d4 Nf6 2. c4 e6 3. Nc3 Bb4 4. e3 O-O 5. Nge2 d5 6. a3 Be7 7. cxd5 exd5 8. g3
a5 9. Bg2 Na6 10. O-O c6 11. h3 Re8 12. g4 Bd6 13. f4 Bxg4 14. hxg4 Nxg4 15.
Rf3 Qh4 16. Bh3 Re6 17. Bxg4 Rg6 18. Rg3 h5 19. Kg2 hxg4 20. Qh1 Qxh1+ 21. Kxh1
f5 22. Rg2 Rh6+ 23. Rh2 Kh7 24. Ng3 Kg6 25. Kg1 Nc7 26. Bd2 Ne6 27. Kg2 Rah8
28. Rah1 Rxh2+ 29. Rxh2 Rxh2+ 30. Kxh2 Kf6 31. Nce2 b6 32. Kg2 g5 33. fxg5+
Nxg5 34. Nh5+ Kf7 35. Nhf4 Ne4 36. Be1 Be7 37. Ng3 Nd6 38. Nd3 Bf6 39. b3 Ke6
40. Nh5 Bh8 41. Nhf4+ Kf7 42. Ne5+ Bxe5 43. dxe5 Ne4 44. Bh4 Nc5 45. b4 axb4
46. axb4 Ne6 47. Nxe6 Kxe6 48. Bg3 c5 49. Kf1 d4 50. exd4 cxd4 51. Ke2 Kd5 52.
Kd3 1-0

[Event "43. Torneo de La Roda 2016"]
[Site "La Roda ESP"]
[Date "2016.03.24"]
[Round "3.1"]
[White "Lopez Rivera, Jesus"]
[Black "Granda Zuniga, Julio E"]
[Result "0-1"]
[WhiteElo "2337"]
[BlackElo "2688"]
[PlyCount "68"]
[EventDate "2016.03.23"]
[EventType "swiss"]
[EventRounds "9"]
[EventCountry "ESP"]
[Source "lmi"]
[SourceDate "2016.03.23"]

1. e4 c6 2. d4 d5 3. e5 Bf5 4. h4 h5 5. Bg5 Qb6 6. Bd3 Bxd3 7. Qxd3 Qxb2 8. e6
fxe6 9. Nf3 Qxa1 10. Qb3 Nd7 11. O-O O-O-O 12. Bd2 e5 13. Bc3 Qxc3 14. Qxc3
exd4 15. Qxd4 e5 16. Qxa7 Bc5 17. Qa8+ Kc7 18. Qa5+ Bb6 19. Qb4 Ngf6 20. Nc3
Bc5 21. Qb2 Ra8 22. Ng5 Rhe8 23. a4 Nb6 24. Rb1 Ra7 25. Qc1 Nc4 26. Nh3 d4 27.
Ne2 Ne4 28. Rb3 Rxa4 29. Ng5 Nf6 30. Ng3 e4 31. Qf4+ Bd6 32. Qf5 Ra1+ 33. Kh2
Re5 34. Qf4 Rxg5 0-1

[Event "43. Torneo de La Roda 2016"]
[Site "La Roda ESP"]
[Date "2016.03.24"]
[Round "3.2"]
[White "Baklan, Vladimir"]
[Black "Martin Duque, Jesus"]
[Result "1/2-1/2"]
[WhiteElo "2617"]
[BlackElo "2340"]
[PlyCount "91"]
[EventDate "2016.03.23"]
[EventType "swiss"]
[EventRounds "9"]
[EventCountry "ESP"]
[Source "lmi"]
[SourceDate "2016.03.23"]

1. e4 c5 2. Nf3 e6 3. Nc3 Nc6 4. d4 cxd4 5. Nxd4 Qc7 6. g3 a6 7. Bg2 d6 8. O-O
Bd7 9. Nb3 b5 10. a3 Nf6 11. Kh1 Be7 12. f4 O-O 13. g4 Bc8 14. g5 Nd7 15. Qh5
g6 16. Qh6 Re8 17. Rf3 Bf8 18. Qh4 Bg7 19. Rh3 Nf8 20. Be3 Rb8 21. Rf1 b4 22.
axb4 Nxb4 23. Qf2 Bd7 24. e5 Bc6 25. exd6 Qxd6 26. Ne4 Qc7 27. Nbc5 Red8 28. c3
Nd3 29. Nxd3 Rxd3 30. Bb6 Rxb6 31. Rxd3 Bb5 32. c4 Qxc4 33. Qxb6 Qxd3 34. Nd6
Nd7 35. Qd8+ Bf8 36. Nxb5 Qxb5 37. h3 Nc5 38. Rc1 Qb4 39. Rd1 Qxf4 40. Rf1 Qd6
41. Qf6 Qd7 42. Qf3 Qe7 43. Qe3 Qd6 44. Qf3 Qe7 45. Qe3 Qd6 46. Qf3 1/2-1/2

[Event "43. Torneo de La Roda 2016"]
[Site "La Roda ESP"]
[Date "2016.03.24"]
[Round "3.3"]
[White "Bachmann, Axel"]
[Black "Alshameary Puente, Ismael"]
[Result "1/2-1/2"]
[WhiteElo "2609"]
[BlackElo "2335"]
[PlyCount "74"]
[EventDate "2016.03.23"]
[EventType "swiss"]
[EventRounds "9"]
[EventCountry "ESP"]
[Source "lmi"]
[SourceDate "2016.03.23"]

1. c4 e5 2. Nc3 Nf6 3. g3 d5 4. cxd5 Nxd5 5. Bg2 Nb6 6. e3 Nc6 7. Nge2 Bf5 8.
d4 Nb4 9. e4 exd4 10. exf5 dxc3 11. O-O Qxd1 12. Rxd1 Nc2 13. Bxb7 Nxa1 14.
Bc6+ Ke7 15. Bxa8 Nxa8 16. bxc3 Nb6 17. Ba3+ Kf6 18. Bxf8 Rxf8 19. Rxa1 Kxf5
20. Nd4+ Ke4 21. Rd1 Na4 22. Nb5 a6 23. Rd4+ Ke5 24. Rxa4 axb5 25. Ra5 Kd6 26.
Rxb5 Ra8 27. Rb2 Ra3 28. Rc2 Kc5 29. Kf1 Kc4 30. Ke2 c5 31. Kd2 g5 32. Ke3
Rxc3+ 33. Kd2 Rxc2+ 34. Kxc2 g4 35. Kd2 Kd4 36. Kc2 Kc4 37. Kd2 Kd4 1/2-1/2

[Event "43. Torneo de La Roda 2016"]
[Site "La Roda ESP"]
[Date "2016.03.24"]
[Round "3.4"]
[White "Buendia Pinar, Alvaro"]
[Black "Perez Candelario, Manuel"]
[Result "0-1"]
[WhiteElo "2327"]
[BlackElo "2562"]
[PlyCount "74"]
[EventDate "2016.03.23"]
[EventType "swiss"]
[EventRounds "9"]
[EventCountry "ESP"]
[Source "lmi"]
[SourceDate "2016.03.23"]

1. d4 d6 2. Nf3 g6 3. g3 Bg7 4. Bg2 Nd7 5. c4 e5 6. Nc3 Ne7 7. O-O O-O 8. dxe5
dxe5 9. Qc2 Nc6 10. Rd1 Nd4 11. Nxd4 exd4 12. Nb5 Nc5 13. Qd2 Ne6 14. b4 c6 15.
Na3 a5 16. b5 c5 17. Bb2 Ra7 18. Nc2 b6 19. Ne1 Re8 20. Bc6 Bd7 21. Bxd7 Rxd7
22. Nf3 Qf6 23. Re1 Rde7 24. Rad1 Qf5 25. Bc1 Bf6 26. Kg2 Qe4 27. Qd3 Qb7 28.
Kg1 Ng7 29. Ng5 h5 30. Nh3 Be5 31. Bf4 Nf5 32. Bxe5 Rxe5 33. Nf4 Kg7 34. a4 h4
35. g4 Nd6 36. e3 Qf3 37. Qe2 Qxf4 0-1

[Event "43. Torneo de La Roda 2016"]
[Site "La Roda ESP"]
[Date "2016.03.24"]
[Round "3.5"]
[White "Ibarra Jerez, Jose Carlos"]
[Black "Martinez Reyes, Pedro Ramon"]
[Result "1-0"]
[WhiteElo "2561"]
[BlackElo "2315"]
[PlyCount "108"]
[EventDate "2016.03.23"]
[EventType "swiss"]
[EventRounds "9"]
[EventCountry "ESP"]
[Source "lmi"]
[SourceDate "2016.03.23"]

1. e4 c5 2. Nf3 Nc6 3. d4 cxd4 4. Nxd4 g6 5. Nc3 Bg7 6. Be3 Nf6 7. Bc4 O-O 8.
Bb3 d6 9. f3 Nxd4 10. Bxd4 Qa5 11. Qd2 Be6 12. O-O-O b5 13. Kb1 b4 14. Nd5 Bxd5
15. exd5 Qb5 16. Rhe1 a5 17. Qe2 Qxe2 18. Rxe2 a4 19. Bc4 Rfc8 20. b3 Rc7 21.
g3 Rb7 22. Rd3 Ra5 23. f4 Kf8 24. Kb2 e6 25. bxa4 Nxd5 26. Bxd5 exd5 27. Kb3
Ra8 28. Bxg7+ Kxg7 29. Rxd5 Rba7 30. a5 Rxa5 31. Rxa5 Rxa5 32. Re4 Ra3+ 33. Kb2
Ra4 34. Rd4 Kf6 35. Rxd6+ Kf5 36. Rd7 Ke6 37. Rd4 Kf5 38. Kb1 Kg4 39. c4 Ra3
40. Rd2 b3 41. axb3 Rxb3+ 42. Kc2 Ra3 43. Kb2 Ra7 44. Kc3 h5 45. c5 h4 46. Rd3
Ra2 47. Rd2 Ra7 48. Rd3 Ra2 49. Kb3 Rxh2 50. c6 hxg3 51. c7 Rh8 52. Rd8 Rxd8
53. cxd8=Q Kh3 54. Qd7+ Kh4 1-0

[Event "43. Torneo de La Roda 2016"]
[Site "La Roda ESP"]
[Date "2016.03.24"]
[Round "3.6"]
[White "Silva, Luis Neves Da"]
[Black "Forcen Esteban, Daniel"]
[Result "0-1"]
[WhiteElo "2319"]
[BlackElo "2549"]
[PlyCount "68"]
[EventDate "2016.03.23"]
[EventType "swiss"]
[EventRounds "9"]
[EventCountry "ESP"]
[Source "lmi"]
[SourceDate "2016.03.23"]

1. d4 Nf6 2. Bg5 e6 3. e4 c5 4. e5 h6 5. Bc1 Nh7 6. c3 Nc6 7. Bd3 g6 8. Ne2 d6
9. f4 Bd7 10. a3 cxd4 11. cxd4 dxe5 12. fxe5 Nxd4 13. O-O Nc6 14. Rxf7 Qb6+ 15.
Rf2 Bc5 16. Bxg6+ Kd8 17. Bxh6 Bxf2+ 18. Kh1 Be3 19. Nf4 Qd4 20. Nc3 Bxf4 21.
Qxd4 Nxd4 22. Bxf4 a6 23. Be3 Nb3 24. Bb6+ Ke7 25. Rd1 Rag8 26. Bc2 Bc6 27. Ne4
Rg4 28. Ng3 Nf8 29. Kg1 Nd7 30. Rxd7+ Kxd7 31. Bxb3 Rhg8 32. Bf2 R8g5 33. Bd1
Rc4 34. h4 Rxg3 0-1

[Event "43. Torneo de La Roda 2016"]
[Site "La Roda ESP"]
[Date "2016.03.24"]
[Round "3.7"]
[White "Lopez Martinez, Josep Manuel"]
[Black "Navarrete Espi, Samuel"]
[Result "1-0"]
[WhiteElo "2549"]
[BlackElo "2309"]
[PlyCount "92"]
[EventDate "2016.03.23"]
[EventType "swiss"]
[EventRounds "9"]
[EventCountry "ESP"]
[Source "lmi"]
[SourceDate "2016.03.23"]

1. Nf3 Nf6 2. c4 g6 3. Nc3 Bg7 4. e4 d6 5. d4 O-O 6. h3 e5 7. d5 Nh5 8. g3 a5
9. Be2 Na6 10. Nh2 Nf6 11. Ng4 Nc5 12. Nxf6+ Bxf6 13. h4 Bg7 14. h5 f5 15. hxg6
hxg6 16. exf5 Bxf5 17. Be3 Qf6 18. Qd2 Ne4 19. Nxe4 Bxe4 20. Rh4 Bf3 21. Bxf3
Qxf3 22. Qe2 e4 23. Qxf3 exf3 24. O-O-O Be5 25. Rdh1 Rae8 26. Rg4 Rf6 27. b3
Kg7 28. Kd2 Rh8 29. Rxh8 Kxh8 30. Kd3 Kg7 31. Ke4 Rf5 32. Bf4 Kf6 33. Bxe5+
Rxe5+ 34. Kxf3 Re1 35. Rf4+ Ke5 36. Rf7 Ra1 37. Ke3 Re1+ 38. Kd3 Rd1+ 39. Kc3
b5 40. cxb5 Rxd5 41. a4 Rc5+ 42. Kd3 Rd5+ 43. Kc2 Rc5+ 44. Kb2 Ke4 45. b4 Rc4
46. Rf4+ Kd5 1-0